Actual General Knowledge Quiz - Statistics

General Stats
  • This quiz has been taken 33 times
  • The average score is 15 of 30
Answer Stats
Hint Answer % Correct
Did you brush your teeth today? yes
86%
Who split the Red Sea? moses
79%
Funny planet name uranus
79%
How many are there in a 'Baker's dozen'? 13
75%
King of Reggae bob marley
75%
King Arthur's sword excalibur
75%
What does Santa Claus say? hohoho
75%
Land of the rising sun japan
75%
The Beetles came from what UK city? liverpool
75%
Country and a poultry turkey
68%
Most popular Oasis song wonderwall
64%
Elton John is? gay
61%
Walter White's alias heisenberg
61%
Most popular adult website pornhub
61%
Arabic terrorist bin laden
57%
Austrian painter hitler
57%
What's 9 +10? 21
54%
Popular Korean show squid game
50%
Fallen angel lucifer
43%
Thick of it KSI
39%
CR7's signature celebration sui
36%
Brand of lighter seen frequently in movies zippo
36%
Most dangeroud location in Among Us electrical
32%
Last infinity stone obtained by Thanos mind
29%
John Wick keanu reaves
21%
Youtuber who fornicated with their cat shane dawson
21%
Nicotine pouches from Sweden snus
14%
Chinese Monkey King wukong
14%
'I remember Duke back in...' 1987
7%
Beer that smells like weed corona
7%
No matching quizzes found
Score Distribution
Percent of People with Each Score
Percentile by Number Answered
Your Score History
You have not taken this quiz